Land vs. Land #130 - Statistiken

Allgemein
  • Dieses Quiz wurde 16 mal gespielt
  • Das Durchschnittsergebnis liegt bei 12 aus 14
Antwortstatistiken
Frage Antwort % Korrekt
...Gesundheitswesen? Litauen🇱🇹
100%
...Lebenserwartung? Litauen🇱🇹
100%
...durchschnittlicher IQ? Litauen🇱🇹
100%
...Gewinner? Litauen🇱🇹
100%
...Fläche? Litauen🇱🇹
92%
...Einwohner? Litauen🇱🇹
92%
...Bruttoinlandsprodukt? Litauen🇱🇹
92%
...HDI (Human Development Index)? Litauen🇱🇹
92%
...Exportmengen? Litauen🇱🇹
92%
...Bruttoinlandsprodukt pro Kopf? Litauen🇱🇹
83%
...Militär? Litauen🇱🇹
83%
...Frieden? Mauritius🇲🇺
67%
...Happy Planet Index? Mauritius🇲🇺
50%
...Tourismus? Litauen🇱🇹
42%
Keine übereinstimmenden Quizze gefunden
Verteilung der Resultate
Anzahl Personen mit jedem Resultat
Perzentil nach korrekt beantworteten Fragen
Ihre Resultats-Entwicklung
Sie haben dieses Quiz noch nicht gespielt